02717nam a2200409Ia 4500001000900000003000500009005001700014007000300031008004100034040001800075245027900093260003200372300007400404336002700478337002800505338002800533500005800561502009500619504003200714505038800746650005801134650002101192650004901213650001501262700005001277700004501327700004401372700004801416856009101464856012301555856011401678856009301792856011301885856011501998856011302113856008102226dia_5791CHAP20250730131648.0ta220117s2014 mx bdeofr 001 0 spa d cCHAPamxchpua10aReporte de viaje de estudio a la empresa vinícola Cavas Valmar, S. de R. L. de C. V., Ensenada, Baja California /ccoordinadores Ofelia Sandoval Castilla, César Ramírez Santiago y José Alfredo Espejel Zaragoza ; colaboradores Luis Alfredo Aparicio Eusebio...[et al.] aMéxico :bEl autor,c2014 a76 hojas :bgráficas, diagramas, tablas, fotos, planos + e1 CD-ROM 2rdacontentatextobtxt 2rdamediaano mediadobn 2rdacarrieravolumenbnc a7° año Grupo 3 -- El CD contiene reporte y planos. aViaje de estudios b(EIUPA) -- cUACh. Departamento de Ingeniería Agroindustrial, d2014 aBibliografía: hojas 69-70 a7 planos -- 1. Diagrama de flujo -- 2. Plano de distribución de áreas (Esc. 1:100) -- 3. Plano de distribución de áreas 2 (Esc. 1:100) -- 4. Plano de distribución de áreas 3 (Esc. 1:100) -- 5. Plano de distribución de equipos (Esc. 1:100) -- 6. Plano de distribución de equipos (Esc. 1:100) -- 7. Plano de diagrama de tuberías e instrumentación (Esc. 1:100)10aIndustria del vinozMéxicozBaja California Norte 13aVinificación 10aWine industryzMexicozBaja California Norte13aWinemaking1 aEspejel Zaragoza, José Alfredoecoordinador1 aRamírez Santiago, Césarecoordinador1 aSandoval Castilla, Ofeliaecoordinadora1 aAparicio Eusebio, Luis Alfredoecolaborador42uhttp://10.13.5.2/ve/TC647EIUPA/TC647.DIAGRAMADEFLUJO.pdfyDESCARGAR DIAGRAMA DE FLUJO 42uhttp://10.13.5.2/ve/TC647EIUPA/TC647.DISTRIBUCIONDEAREASCAVASVALMAR.pdfyDESCARGAR PLANO DE DISTRIBUCIÓN DE ÁREAS 42uhttp://10.13.5.2/ve/TC647EIUPA/TC647.DISTRIBUCIONDEAREAS.pdfyDESCARGAR PLANO DE DISTRIBUCIÓN DE ÁREAS 2 42uhttp://10.13.5.2/ve/TC647EIUPA/TC647.PLANODERECORRIDO..pdfyDESCARGAR PLANO DE RECORRIDO42uhttp://10.13.5.2/ve/TC647EIUPA/TC647.DISTRIBUCIONDEEQUIPO.pdfyDESCARGAR PLANO DE DISTRIBUCIÓN DE EQUIPOS 42uhttp://10.13.5.2/ve/TC647EIUPA/TC647.DOSTRIBUCIONDEEQUIPOS.pdfyDESCARGAR PLANO DE DISTRIBUCIÓN DE EQUIPOS 242uhttp://10.13.5.2/ve/TC647EIUPA/TC647.DTI.pdfyDESCARGAR PLANO DE DIAGRAMA DE TUBERÍAS E INSTRUMENTACIÓN 42uhttp://10.13.5.2/ve/TC647EIUPA/TC647EIUPA2014-REPORTE.pdfyDESCARGAR REPORTE